Ethnic variables in human factors engineering / (Record no. 9973)
[ view plain ]
| 000 -LEADER | |
|---|---|
| fixed length control field | 00452cam a2200169ua 4500 |
| 041 ## - LANGUAGE CODE | |
| Language code of text/sound track or separate title | eng |
| 082 ## - DEWEY DECIMAL CLASSIFICATION NUMBER | |
| Classification number | 028.7462 |
| Item number | CHA/ET |
| 100 ## - MAIN ENTRY--AUTHOR NAME | |
| Personal name | Chapanis, Alphonse . |
| 245 ## - TITLE STATEMENT | |
| Title | Ethnic variables in human factors engineering / |
| 260 ## - PUBLICATION, DISTRIBUTION, ETC. (IMPRINT) | |
| Place of publication | Baltimore : |
| Name of publisher | The John Hopkins press , |
| Year of publication | 1975. |
| 300 ## - PHYSICAL DESCRIPTION | |
| Number of Pages | 290 ; . |
| 942 ## - ADDED ENTRY ELEMENTS (KOHA) | |
| Koha item type | Books |
| Withdrawn status | Lost status | Damaged status | Home library | Current library | Date acquired | Full call number | Accession Number | Koha item type |
|---|---|---|---|---|---|---|---|---|
| KAUAET | KAUAET | 09/03/1989 | 028.7462 | 16502 | Reference |
